| 000 | 00684nam a22002297a 4500 | ||
|---|---|---|---|
| 999 |
_c14480 _d14480 |
||
| 003 | AR-CdUCM | ||
| 008 | 190423b ||||| |||| 00| 0 spa d | ||
| 020 | _a978-84-683-1275-0 | ||
| 040 |
_aMUNICIPALIDAD PROVINCIAL DEL CUSCO _cBIBLIOTECA MUNICIPAL DEL CUSCO |
||
| 041 | _hspa | ||
| 082 |
_aES / 803 / _bA42 |
||
| 100 |
_aAlonso, Ana _933144 |
||
| 245 | _aLa reina de cristal-II / | ||
| 260 |
_aBarcelona : _bEdebé, _c2014. |
||
| 300 |
_a260 páginas ; _c21 cm. |
||
| 505 | _aContenido: La reina de cristal-II. | ||
| 650 |
_aLiteratura infaltil _927332 |
||
| 650 |
_aSiglo XXI _92856 |
||
| 700 |
_aPelegrín, Javier _933145 |
||
| 942 |
_2ddc _cLIBROS |
||
| 945 |
_acmm _d2019-04-23 |
||